<?xml version="1.0" encoding="UTF-8"?>
<record
    xmlns:xsi="http://www.w3.org/2001/XMLSchema-instance"
    xsi:schemaLocation="http://www.loc.gov/MARC21/slim http://www.loc.gov/standards/marcxml/schema/MARC21slim.xsd"
    xmlns="http://www.loc.gov/MARC21/slim">

  <leader>00525nam a22001577a 4500</leader>
  <controlfield tag="003">OSt</controlfield>
  <controlfield tag="005">20151002164643.0</controlfield>
  <controlfield tag="008">151002b        xxu||||| |||| 00| 0 eng d</controlfield>
  <datafield tag="040" ind1=" " ind2=" ">
    <subfield code="c">RUA</subfield>
  </datafield>
  <datafield tag="082" ind1=" " ind2=" ">
    <subfield code="a">AVM PRA 1995 B068 Or.1</subfield>
  </datafield>
  <datafield tag="100" ind1=" " ind2=" ">
    <subfield code="9">1813</subfield>
    <subfield code="a">PRAK, KEA.</subfield>
  </datafield>
  <datafield tag="245" ind1=" " ind2=" ">
    <subfield code="a">Cattle raising for in siem reap province, &#x1780;&#x17B6;&#x179A;&#x1785;&#x17B7;&#x1789;&#x17D2;&#x1785;&#x17B9;&#x1798;&#x1782;&#x17C4;&#x1787;&#x17B6;&#x179B;&#x1780;&#x17D2;&#x1781;&#x178E;&#x17C8;&#x17A2;&#x17BC;&#x179F;&#x1791;&#x17B6;&#x1789;&#x1780;&#x17D2;&#x1793;&#x17BB;&#x1784;&#x1781;&#x17C1;&#x178F;&#x17D2;&#x178F;&#x179F;&#x17C0;&#x1798;&#x179A;&#x17C0;&#x1798;</subfield>
  </datafield>
  <datafield tag="260" ind1=" " ind2=" ">
    <subfield code="a">Phnom Penh</subfield>
    <subfield code="b">RUA</subfield>
    <subfield code="c">1995</subfield>
  </datafield>
  <datafield tag="300" ind1=" " ind2=" ">
    <subfield code="a">69p.</subfield>
    <subfield code="b">ill.</subfield>
    <subfield code="c">29cm.</subfield>
  </datafield>
  <datafield tag="942" ind1=" " ind2=" ">
    <subfield code="2">ddc</subfield>
    <subfield code="c">AVM</subfield>
  </datafield>
  <datafield tag="999" ind1=" " ind2=" ">
    <subfield code="c">1712</subfield>
    <subfield code="d">1712</subfield>
  </datafield>
  <datafield tag="952" ind1=" " ind2=" ">
    <subfield code="0">0</subfield>
    <subfield code="1">0</subfield>
    <subfield code="2">ddc</subfield>
    <subfield code="4">0</subfield>
    <subfield code="6">AVM_PRA_1995_000000000000000_B068_OR_1</subfield>
    <subfield code="7">0</subfield>
    <subfield code="9">7408</subfield>
    <subfield code="a">LBB</subfield>
    <subfield code="b">LBB</subfield>
    <subfield code="c">B068</subfield>
    <subfield code="d">2015-10-02</subfield>
    <subfield code="l">1</subfield>
    <subfield code="o">AVM PRA 1995 B068 Or.1</subfield>
    <subfield code="p">RUA007308</subfield>
    <subfield code="r">2018-01-22</subfield>
    <subfield code="s">2018-01-19</subfield>
    <subfield code="w">2015-10-02</subfield>
    <subfield code="y">AVM</subfield>
  </datafield>
  <datafield tag="952" ind1=" " ind2=" ">
    <subfield code="0">0</subfield>
    <subfield code="1">0</subfield>
    <subfield code="2">ddc</subfield>
    <subfield code="4">0</subfield>
    <subfield code="6">AVM_PRA_1995_000000000000000_B068_OR_2</subfield>
    <subfield code="7">0</subfield>
    <subfield code="9">7409</subfield>
    <subfield code="a">LBB</subfield>
    <subfield code="b">LBB</subfield>
    <subfield code="c">B068</subfield>
    <subfield code="d">2015-10-02</subfield>
    <subfield code="l">1</subfield>
    <subfield code="o">AVM PRA 1995 B068 Or.2</subfield>
    <subfield code="p">RUA008271</subfield>
    <subfield code="r">2019-01-04</subfield>
    <subfield code="s">2018-12-21</subfield>
    <subfield code="w">2015-10-02</subfield>
    <subfield code="y">AVM</subfield>
  </datafield>
</record>
